000 00668nam a22002057a 4500
003 OSt
005 20250822064452.0
008 250822b |||||||| |||| 00| 0 eng d
020 _a978-971-510-276-6
040 _aDWC-Main Lib
_cOC
082 _aRes. 808.882 O64m 2017
100 _aOrbos, Jerry M.
245 _aA moment a day :
_b365 anecdotes and reflections I've shared through the years/
260 _a[Manila] :
_bLogos Publications Inc.,
_cc2017.
300 _avarious pages :
_billustrations ;
_c17cm.
650 _a1. Missionaries.
650 _a2. Philippines.
650 _a3. Christian life -- Catholic authors.
942 _2ddc
_cBK-0 CIRC
_kRes.
_n0
999 _c4197
_d4197